LEADER 01200nam a2200277 i 4500 001 000000191920 003 CaOOAMICUS 005 20151005000000.0 008 151005s1989 it u000 u ita u 013 $a170492 020 $a88-372-1387-5 040 $aSeMil$bita 100 1 $aRuh, Kurt,$d<1914-2002>.$0(OLS)http://semarc/name/4599 240 10$aMeister Eckhart : Theologe, Prediger, Mystiker.$0(OLS)http://semarc/title/409199 245 10$aMeister Eckhart :$bteologo, predicatore, mistico /$cKurt Ruh. 260 $aBrescia :$bMorcelliana,$c1989. 300 $a308 p. ;$c22 cm. 490 0 $aMaestri del pensiero ;$v4 600 04$aEckhart : Meister .$0(OLS)http://semarc/subject/8108 830 0$aMaestri del pensiero ;$v4.$0(OLS)http://semarc/title/8135 850 $aSeMil 852 $aSeMil$W1$xVenegono$y1$m2OA II 54$j142505$B142505$CSeMilBibl$Z2$F154068 $81 961 $aOmaggio: Martinelli don Romano 996 $6020$a88-372-1387-5$9(OLS)http://semarc/number/183055 996 $6245$aMeister Eckhart :$bteologo, predicatore, mistico$9(OLS)http://semarc/title/409198 996 $6260$aBrescia :$bMorcelliana$9(OLS)http://semarc/publisher/29629 LEADER 01106nam a2200265 i 4500 001 000000108701 003 CaOOAMICUS 005 20021007000000.0 008 021007s1987 xxu u000 u eng u 013 $a81381 020 $a0-300-04897-1 040 $aSeMil$bita 100 1 $aBuckley, Michael J. .$0(OLS)http://semarc/name/24874 245 10$aAt the origins of modern atheism /$cMichael J. Buckley. 260 $aNew Haven and London :$bYale University Press,$c1987. 300 $aVIII, 450 p. ;$c24 cm. 500 $aCon dedica autografa dell'A. al card. Martini. - Fondo Card. C.M. Martini. 650 4$aAteismo - Storia - Sec. 16.-20.$0(OLS)http://semarc/subject/19197 850 $aSeMil 852 $aSeMil$W1$xVenegono$y1$m2P IV 47$j64765$B64765$CSeMilBibl$Z2$F91774 $81 941 1 $a4 961 $aOmaggio: Martini Card. Carlo Maria 996 $6020$a0-300-04897-1$9(OLS)http://semarc/number/89734 996 $6245$aAt the origins of modern atheism$9(OLS)http://semarc/title/157679 996 $6260$aNew Haven and London :$bYale University Press$9(OLS)http://semarc/publisher/38425